000
00220nam a22000857a 4500
008
161115b xxu||||| |||| 00| 0 eng d
100
_9
1219
_a
Lal. A
245
_a
What a mix - up
260
_a
New delhi
_b
National book trust
_c
2007
999
_c
3910
_d
3910